Ιώσηπος Μοισιόδαξ : οι συντεταγμένες της βαλκανικής σκέψης τον 18ο αιώνα

Αποθηκεύτηκε σε:
Λεπτομέρειες βιβλιογραφικής εγγραφής
Κύριος συγγραφέας: Κιτρομηλίδης, Πασχάλης Μ.
Μορφή: Βιβλίο
Γλώσσα:Greek
Δημοσίευση: Αθήνα : Μορφωτικό Ιδρυμα Εθνικής Τραπέζης, 1985
Σειρά:Νεοελληνική προσωπογραφία
Θέματα:
Ετικέτες: Προσθήκη ετικέτας
Δεν υπάρχουν, Καταχωρήστε ετικέτα πρώτοι!

MARC

LEADER 00000nam a2200000 i 4500
001 1/99090
008 950323s1985 gre d
035 |a 1986  |c Αγορά  |l 10011171 
035 |a 1987  |c Αγορά 
040 |a GR-MY-UA  |b gre  |e aacr 
041 0 |a gre 
082 0 |a 370.924 
100 1 |a Κιτρομηλίδης, Πασχάλης Μ. 
245 1 0 |a Ιώσηπος Μοισιόδαξ :  |b οι συντεταγμένες της βαλκανικής σκέψης τον 18ο αιώνα /  |c Πασχάλης Μ. Κιτρομηλίδης 
260 |a Αθήνα :   |b Μορφωτικό Ιδρυμα Εθνικής Τραπέζης,   |c 1985 
300 |a 396 σ. 
490 1 |a Νεοελληνική προσωπογραφία 
504 |a Περιέχει βιβλιογραφία και ευρετήριο 
600 1 0 |a Ιώσηπος ο Μοισιόδαξ  |d π. 1725-1800. 
600 1 0 |a Ιώσηπος ο Μοισιόδαξ  |d π. 1725-1800. 
650 0 0 |a Education  |z Balkan Peninsula  |x Biography. 
650 0 0 |a Philosophers  |z Balkan peninsula  |x Biography. 
650 0 0 |a Social sciences  |z Balkan peninsula  |x Biography. 
830 0 |a Νεοελληνική προσωπογραφία 
852 |a INST  |b LESVOS  |e 19950323  |h 370.924 KIT  |p 005100002092  |q 005100002092  |t BK  |y 0 
852 |a INST  |b RHODES  |e 19960711  |h 370.924 ΚΙΤ  |p 005400002840  |q 005400002840  |t BK  |y 0 
852 |a INST  |b RHODES  |e 19960711  |h 370.924 ΚΙΤ  |p 005400002841  |q 005400002841  |t BK  |y 0 
909 |a Λ  |b 036668 
909 |a Ρ  |b 003516  |c 1986 
909 |a Ρ  |b 006783  |c 1987